000 00432nam a22001697a 4500
999 _c3744
_d3744
003 OSt
005 20181122130334.0
008 181122b ||||| |||| 00| 0 eng d
040 _cDLC
082 _a228
_bC418T
100 _aCerullo, Morris
245 _aThe Ten Lost Tribes: Found ?
_cBy Morris Cerullo.
260 _aUSA :
_bMorris Cerullo World Evangelism,
300 _a28 p.:
650 _aVoices For Christ
942 _2ddc
_cBK